| 000 | 00340nam a2200133Ia 4500 | ||
|---|---|---|---|
| 005 | 20251222144901.0 | ||
| 008 | 251222s9999||||xx |||||||||||||| ||spa|| | ||
| 020 | _a950-808-388-3 | ||
| 082 | _a791.53/T55 | ||
| 100 | _aTillería Pérez, Daniel | ||
| 245 | 0 | _aTíteres y Máscaras en la Educación: | |
| 264 | _bHomo Sapiens | ||
| 942 | _cLIB | ||
| 999 |
_c21989 _d21989 |
||